000 01008nam a2200217Ia 4500
001 16013
003 GE_BSU
008 181216s||||||||xx |||||||||||||| ||und||
040 _cGE_BSU
080 _a821.353.1 + 821.353.1-92
100 _aჯავახიშვილი, მ. (მიხეილ, 1880-1937)
245 _aთხზულებანი : 8 ტომად. ტ. 6 : წერილები (1904-1937)
245 _cსარედ. კოლ.: გ. გვერდწითელი, გ. მერკვილაძე, ბ. ჟღენტი და სხვ.ტომი გამოსაც. მოამზადა რ. კუსრაშვილმა ; ტომის რედ. გ. გვერდწითელი
260 _aთბილისი
260 _bსაბჭ. საქართველო
260 _c1980.
300 _a291 გვ.22 სმ.
653 _aთხზულებანი
653 _aწერილები
942 _cBK
999 _c49106
_d49106